<?xml version="1.0" encoding="UTF-8"?>
<collection xmlns="http://www.loc.gov/MARC21/slim">
    <record>
        <controlfield tag="001">172229</controlfield>
        <controlfield tag="005">20170620231415.0</controlfield>
        <datafield tag="024" ind1="7" ind2=" ">
            <subfield code="2">ISSN</subfield>
            <subfield code="a">0096-3941</subfield>
        </datafield>
        <datafield tag="024" ind1="7" ind2=" ">
            <subfield code="2">HSB</subfield>
            <subfield code="a">ama3618</subfield>
        </datafield>
        <datafield tag="037" ind1=" " ind2=" ">
            <subfield code="a">RWTH-CONV-049689</subfield>
        </datafield>
        <datafield tag="041" ind1=" " ind2=" ">
            <subfield code="a">English</subfield>
        </datafield>
        <datafield tag="100" ind1="1" ind2=" ">
            <subfield code="0">P:(DE-82)110961</subfield>
            <subfield code="a">Hirche, H.-J.</subfield>
            <subfield code="b">0</subfield>
            <subfield code="e">Author</subfield>
        </datafield>
        <datafield tag="245" ind1=" " ind2=" ">
            <subfield code="a">Hydrobiological studies on fronts in the Greenland Sea - the Arctic Front</subfield>
            <subfield code="h">online, print</subfield>
        </datafield>
        <datafield tag="260" ind1=" " ind2=" ">
            <subfield code="a">Washington, DC</subfield>
            <subfield code="b">AGU</subfield>
            <subfield code="c">1987</subfield>
        </datafield>
        <datafield tag="336" ind1="7" ind2=" ">
            <subfield code="0">PUB:(DE-HGF)16</subfield>
            <subfield code="2">PUB:(DE-HGF)</subfield>
            <subfield code="a">Journal Article</subfield>
            <subfield code="b">journal</subfield>
            <subfield code="m">journal</subfield>
        </datafield>
        <datafield tag="336" ind1="7" ind2=" ">
            <subfield code="2">DataCite</subfield>
            <subfield code="a">Output Types/Journal article</subfield>
        </datafield>
        <datafield tag="336" ind1="7" ind2=" ">
            <subfield code="0">0</subfield>
            <subfield code="2">EndNote</subfield>
            <subfield code="a">Journal Article</subfield>
        </datafield>
        <datafield tag="336" ind1="7" ind2=" ">
            <subfield code="2">BibTeX</subfield>
            <subfield code="a">ARTICLE</subfield>
        </datafield>
        <datafield tag="336" ind1="7" ind2=" ">
            <subfield code="2">ORCID</subfield>
            <subfield code="a">JOURNAL_ARTICLE</subfield>
        </datafield>
        <datafield tag="336" ind1="7" ind2=" ">
            <subfield code="2">DRIVER</subfield>
            <subfield code="a">article</subfield>
        </datafield>
        <datafield tag="700" ind1="1" ind2=" ">
            <subfield code="0">P:(DE-82)024540</subfield>
            <subfield code="a">Krause, G.</subfield>
            <subfield code="b">1</subfield>
            <subfield code="e">Author</subfield>
        </datafield>
        <datafield tag="700" ind1="1" ind2=" ">
            <subfield code="0">P:(DE-82)110962</subfield>
            <subfield code="a">Kattner, G.</subfield>
            <subfield code="b">2</subfield>
            <subfield code="e">Author</subfield>
        </datafield>
        <datafield tag="700" ind1="1" ind2=" ">
            <subfield code="0">P:(DE-82)015227</subfield>
            <subfield code="a">Baumann, M.</subfield>
            <subfield code="b">3</subfield>
            <subfield code="e">Author</subfield>
        </datafield>
        <datafield tag="700" ind1="1" ind2=" ">
            <subfield code="0">P:(DE-82)110963</subfield>
            <subfield code="a">Kahru, M.</subfield>
            <subfield code="b">4</subfield>
            <subfield code="e">Author</subfield>
        </datafield>
        <datafield tag="700" ind1="1" ind2=" ">
            <subfield code="0">P:(DE-82)110964</subfield>
            <subfield code="a">Bohrer, R. N.</subfield>
            <subfield code="b">5</subfield>
            <subfield code="e">Author</subfield>
        </datafield>
        <datafield tag="773" ind1=" " ind2=" ">
            <subfield code="0">PERI:(DE-600)2118760-5</subfield>
            <subfield code="p">1727</subfield>
            <subfield code="t">Eos : transactions / [Wöchentliche Ausgabe]</subfield>
            <subfield code="v">68</subfield>
            <subfield code="x">0096-3941</subfield>
        </datafield>
        <datafield tag="909" ind1="C" ind2="O">
            <subfield code="o">oai:publications.rwth-aachen.de:172229</subfield>
            <subfield code="p">VDB</subfield>
        </datafield>
        <datafield tag="920" ind1="1" ind2=" ">
            <subfield code="0">I:(DE-82)ama29_20140620</subfield>
            <subfield code="k">ama29</subfield>
            <subfield code="l">Lehr- und Forschungsgebiet Botanische Systematik und Vegetationskunde und Abteilung Systematik und Geobotanik</subfield>
            <subfield code="x">0</subfield>
        </datafield>
        <datafield tag="920" ind1="1" ind2=" ">
            <subfield code="0">I:(DE-82)160000_20140620</subfield>
            <subfield code="k">160000</subfield>
            <subfield code="l">Fachgruppe Biologie</subfield>
            <subfield code="x">1</subfield>
        </datafield>
        <datafield tag="970" ind1=" " ind2=" ">
            <subfield code="a">ama3618</subfield>
        </datafield>
        <datafield tag="980" ind1=" " ind2=" ">
            <subfield code="a">journal</subfield>
        </datafield>
        <datafield tag="980" ind1=" " ind2=" ">
            <subfield code="a">I:(DE-82)ama29_20140620</subfield>
        </datafield>
        <datafield tag="980" ind1=" " ind2=" ">
            <subfield code="a">I:(DE-82)160000_20140620</subfield>
        </datafield>
        <datafield tag="980" ind1=" " ind2=" ">
            <subfield code="a">VDB</subfield>
        </datafield>
        <datafield tag="980" ind1=" " ind2=" ">
            <subfield code="a">UNRESTRICTED</subfield>
        </datafield>
        <datafield tag="980" ind1=" " ind2=" ">
            <subfield code="a">ConvertedRecord</subfield>
        </datafield>
    </record>

    
</collection>